El horrible sueño de harriet y otros cuentos de terror /

Guardado en:
Autor Principal: Horowitz, Anthony
Otros Autores: Peláez, Ricardo, il., Vinós, María, trad.
Formato: Libro
Publicado: Buenos Aires : Fondo de Cultura Económica, 2013
Materias:
Etiquetas: Agregar Etiqueta
Sin Etiquetas, Sea el primero en etiquetar este registro!
LEADER 01134nam a22002895a 4500
001 CEM.cems018250
005 20140328103550.0
008 130507s2013##################000#0#####d
003 CEMS
020 |a 9789505579419 
082 0 4 |a 828.9 
100 1 |a Horowitz, Anthony 
245 1 0 |a El horrible sueño de harriet y otros cuentos de terror /  |c Antohony Horowitz ; ilustraciones de Ricardo Peláez ; traducción de María Vinós 
260 |a Buenos Aires :  |b Fondo de Cultura Económica,  |c 2013 
300 |a 159 p. 
505 0 |a La cámara asesina -- Relámpago -- Una carrera en juegos de computadora -- El hombre de la cara amarilla -- La ruta nocturna -- El horrible sueño de Harriet -- Espanto -- Hora de bañarse 
653 |a Literatura 
653 |a Literatura británica 
653 |a Literatura inglesa 
653 |a Cuentos 
653 |a Cuento británico 
653 |a Cuento de terror 
653 |a Literatura de terror 
653 |a Ministerio de educación-colección literaria 
700 1 |a Peláez, Ricardo, il. 
700 1 |a Vinós, María, trad. 
859 |a CEMS  |b BIB. CEMS - Agricultura  |h 828.9  |i H785  |p A2083.14  |t Ej.1